| 000 | 00498nam a2200181Ia 4500 | ||
|---|---|---|---|
| 008 | 180207s9999 xx 000 0 und d | ||
| 020 | _a9780673757425 | ||
| 050 | _bM488 1996 | ||
| 100 | _aMedearis, Angela Shelf | ||
| 245 | 4 | _aThe friendship garden / | |
| 245 | _cAngela Shelf Medearis ; illustrated by Marcy Ramsey. | ||
| 260 | _aIllinois : | ||
| 260 | _bCelebration Press, | ||
| 260 | _c1996 | ||
| 300 | _a16 pages : | ||
| 300 | _bcolor illustration ; | ||
| 440 | _aLittle celebrations. | ||
| 999 |
_c355229 _d355229 |
||